000 01519cam a22004574i 4500
003 PE-LiUPU
005 20250731165537.0
008 150625s r 000 0 d
035 _a(Sirsi) a32401
035 _a(Sirsi) a32401
040 _aPE-LiUPU
_bspa
_cPE-LiUPU
_erda
082 0 4 _a220.3
_bB83
_221
100 1 _aBromiley, Geoffrey W.,
_eautor.
245 1 4 _aThe international standard bible encyclopedia.
_n4.
264 1 _aMichigan :
_bEerdmans,
_c1998.
300 _a1211 páginas :
_bilustraciones, fotos, dibujos ;
_c26 cm.
336 _atext
_2rdacontent
337 _aunmediated
_2rdamedia
338 _avolume
_2rdacarrier
505 0 _aQ-Z.
526 _aSEG44
526 _aSEG26
526 _aP151
526 _aP150
526 _aP149
526 _aP146
526 _aP145
526 _aP126
526 _aP125
526 _aP92
526 _aP75
526 _aP74
526 _aP27
526 _aP15
942 _2ddc
_cBOOK
949 _aRC 220.3 B83 4
_wDEWEY
_c1
_i37911
_d2015-9-6
_lRC
_mBUL
_q1
_r0
_sY
_tBOOK
_u2015-6-25
_xBIBLIOTECA
_zUNKNOWN
_0COMPRA
_o.CIRCNOTE. No olvidar cambiar la fecha de devolución!!!!!!!
_o.STAFF. Colección General
994 _aC0
_bPEPRU
596 _a1
999 _aRC 220.3 B83 4
_wDEWEY
_c40050
_i37911
_d40050
_f2021-11-8
_g6
_lCCODEBUL1
_mBUL
_q9
_r1
_sY
_tBOOK
_u2015-6-25
_xTEOLOGIA
_zUNKNOWN
_0COMPRA
_o.CIRCNOTE. No olvidar cambiar la fecha de devolución!!!!!!!
_o.STAFF. Colección General
980 _81
_gALBERTO SANCHEZ Responsable de Automatización